Physics: motion/ (Record no. 84093)

MARC details
000 -LEADER
fixed length control field 00997nam a2200229Ia 4500
005 - DATE AND TIME OF LATEST TRANSACTION
control field 20190920164918.0
010 ## - LCCN (DPL NO)
LC control number B-521082-093
020 ## - INTERNATIONAL STANDARD BOOK NUMBER
International Standard Book Number 9788131912447
Terms of availability 125.00
035 ## - SYSTEM CONTROL NUMBER
System control number B-521082-093
035 ## - SYSTEM CONTROL NUMBER
System control number B-730148
037 ## - SOURCE OF ACQUISITION
Stock number dpl
Source of stock number/acquisition Blueberry Books/Ven
082 ## - DEWEY DECIMAL CLASSIFICATION NUMBER
Classification number 531.11
Item number PHY
245 ## - TITLE STATEMENT
Title Physics: motion/
Statement of responsibility, etc edited by Anil Kumar ,Tomar and Pallabi, B.Tomar
260 ## - PUBLICATION, DISTRIBUTION, ETC. (IMPRINT)
Place of publication, distribution, etc New Delhi
Name of publisher, distributor, etc Pegasus
Date of publication, distribution, etc 2012
270 ## - ADDRESS
Address 1921/10, Chuna Mandi, Paharganj
City New Delhi
Postal code 110055
300 ## - PHYSICAL DESCRIPTION
Extent 31p.
Other physical details col.ill
Dimensions 27cm(Hb)
Extent pegasus is an imprint of B.Jain Publishers
700 ## - ADDED ENTRY--PERSONAL NAME
Personal name Tomar, Anil Kumar
700 ## - ADDED ENTRY--PERSONAL NAME
Personal name Tomar, Pallabi.B
942 ## - ADDED ENTRY ELEMENTS (KOHA)
Source of classification or shelving scheme Dewey Decimal Classification
Item type Children Books
Classification part 531.11
Call number suffix PHY
Holdings
Withdrawn status Lost status Not for loan Collection code Home library Current library Date acquired Source of acquisition Cost, normal purchase price Full call number Barcode Copy number Cost, replacement price Koha item type
      Non-fiction Ashok Vihar Ashok Vihar 20/09/2019 Gift /Eng /13.09.2019 125.00 531.11 PHY B-730148 1 125.00 Children Books
      Non-fiction Bawana Bawana 13/05/2014 Blueberry/IN10418/21.3.13/202/20.03.2013/28.03.2013 125.00 531.11 PHY B-521090 1 125.00 Children Books
      Non-fiction Central Jail Tihar Central Jail Tihar 13/05/2014 Blueberry/IN10418/21.3.13/202/20.03.2013/28.03.2013 125.00 531.11 PHY B-521088 1 125.00 Children Books
      Non-fiction Central Library Central Library 13/05/2014 Blueberry/IN10418/21.3.13/202/20.03.2013/28.03.2013 125.00 531.11 PHY B-521082 2 125.00 Children Books
  Written-off vide DLB M. No. 383 dt 16.05.19   Non-fiction Central Library Central Library 13/05/2014 Blueberry/IN10418/21.3.13/202/20.03.2013/28.03.2013 125.00 531.11 PHY B-521083 2 125.00 Children Books
Withdrawn     Non-fiction Janak Puri Janak Puri 13/05/2014 Blueberry/IN10418/21.3.13/202/20.03.2013/28.03.2013 125.00 531.11 PHY B-521089 1 125.00 Children Books
      Non-fiction Kasturba Gandhi Marg Kasturba Gandhi Marg 13/05/2014 Blueberry/IN10418/21.3.13/202/20.03.2013/28.03.2013 125.00 531.11 PHY B-521085 1 125.00 Children Books
      Non-fiction Narela Narela 13/05/2014 Blueberry/IN10418/21.3.13/202/20.03.2013/28.03.2013 125.00 531.11 PHY B-521092 1 125.00 Children Books
      Non-fiction New Rohtak Road New Rohtak Road 13/05/2014 Blueberry/IN10418/21.3.13/202/20.03.2013/28.03.2013 125.00 531.11 PHY B-521091 1 125.00 Children Books
Withdrawn     Non-fiction Patel Nagar Patel Nagar 13/05/2014 Blueberry/IN10418/21.3.13/202/20.03.2013/28.03.2013 125.00 531.11 PHY B-521084 1 125.00 Children Books
      Non-fiction Peshwa Road Peshwa Road 13/05/2014 Blueberry/IN10418/21.3.13/202/20.03.2013/28.03.2013 125.00 531.11 PHY B-521086 1 125.00 Children Books
  Written-off vide DLB M. No. 383 dt 16.05.19   Non-fiction Shahdara Branch Shahdara Branch 13/05/2014 Blueberry/IN10418/21.3.13/202/20.03.2013/28.03.2013 125.00 531.11 PHY B-521093 1 125.00 Children Books
      Non-fiction Tri Nagar Tri Nagar 13/05/2014 Blueberry/IN10418/21.3.13/202/20.03.2013/28.03.2013 125.00 531.11 PHY B-521087 1 125.00 Children Books

© Delhi Public Library
Hit Counter
free hit counter